000 00542nam a2200193 a 4500
008 951030s1985||||[C 0 slo c
040 _aSNK
_bslo
_cSNK
_eAACR2
041 1 _aslo
_heng
044 _axo
_cSK
080 _a820-3
100 1 _aLewis, Norman
_4aut
245 1 0 _aExpert zo Sicílie
_cNorman Lewis ; Dušan Janák, Jozef Gális
260 _aBratislava
_bPravda
_c1985
_eNitra
_fNitrianske tlačiarne
500 _aIlustr. na front.
700 1 _aJanák, Dušan
_4trl
700 1 _aGális, Jozef
_4bkd
020 _c30
958 _aA
999 _c11966
_d11966